| 000 | 00674nam a22002057a 4500 | ||
|---|---|---|---|
| 003 | DO-CoUTE | ||
| 005 | 20251002105245.0 | ||
| 008 | 251002b dr ||||| |||| 00| 0 spa d | ||
| 020 | _a978-9945-610-04-8 | ||
| 040 |
_aDO-CoUTE _bspa _cDO-CoUTE |
||
| 082 |
_223 _aRD 342.729R690 |
||
| 100 | 1 |
_aRodríguez Demorizi, Emilio _eautor |
|
| 245 | 1 | 0 |
_aLa Constitución de San Cristóbal / _b1844-1854 : |
| 250 | _aprimera edición | ||
| 260 |
_aSanto Domingo : _bTribunal Constitucional, _c2017 |
||
| 300 |
_a485 páginas ; _c22cm. |
||
| 504 | _aIncluye referencia bibliográfica e índice | ||
| 650 |
_2República Dominicana _vConstitución 1844-1854 |
||
| 942 |
_2ddc _cBK |
||
| 999 |
_c23890 _d23890 |
||